| Tag |
First Indicator |
Second Indicator |
Subfields |
| LEADER |
00000cam a2200000 i 4500 |
| 001 |
in00005766421 |
| 005 |
20260327164433.1 |
| 006 |
m o d |
| 007 |
cr ||||||||||| |
| 008 |
200103t20202020paua gob 001 0 eng d |
| 040 |
|
|
|a UKAHL
|b eng
|e rda
|e pn
|c UKAHL
|d OPELS
|d OCLCQ
|d MMU
|d USU
|d OCLCF
|d OCLCO
|d OCLCA
|d EBLCP
|d OCLCO
|d OPELS
|d OCLCQ
|d OCLCO
|d OCLCQ
|d CASUM
|d OCLCO
|d OCLCL
|d UKKRT
|d N$T
|d OCLCL
|
| 020 |
|
|
|a 0323549861
|
| 020 |
|
|
|a 032354942X
|q (electronic book)
|
| 020 |
|
|
|a 9780323549424
|q (electronic book)
|
| 020 |
|
|
|a 9780323549875
|q (electronic book)
|
| 020 |
|
|
|a 032354987X
|q (electronic book)
|
| 020 |
|
|
|a 9780323549868
|q (electronic bk.)
|
| 035 |
|
|
|a (OCoLC)1147806756
|
| 050 |
|
4 |
|a RD563
|
| 060 |
|
4 |
|a WE 880
|b B355 2020
|
| 082 |
0 |
4 |
|a 617.5/85044
|2 22
|
| 049 |
|
|
|a TXAM
|
| 245 |
0 |
0 |
|a Baxter's the foot and ankle in sport /
|c [edited by] David A. Porter, Lew C. Schon.
|
| 246 |
3 |
|
|a Food and ankle in sport
|
| 250 |
|
|
|a Third edition.
|
| 264 |
|
1 |
|a Philadelphia, PA :
|b Elsevier,
|c [2020]
|
| 264 |
|
4 |
|c ©2020
|
| 300 |
|
|
|a 1 online resource (xi, 602 pages) :
|b illustrations (chiefly color)
|
| 336 |
|
|
|a text
|b txt
|2 rdacontent
|
| 337 |
|
|
|a computer
|b c
|2 rdamedia
|
| 338 |
|
|
|a online resource
|b cr
|2 rdacarrier
|
| 500 |
|
|
|a Revised edition of: Baxter's the foot and ankle in sport / [edited by] David A. Porter, Lew C. Schon. 2nd edition. [2008]
|
| 504 |
|
|
|a Includes bibliographical references and index.
|
| 505 |
0 |
|
|a Section 1: An introduction to athletic evaluation. The basic foot and ankle physical exam -- Section 2: Sport syndromes. Impingement syndromes of the ankle -- Stress fractures: their causes and principles of treatment -- Medical and metabolic considerations in athletes with stress fractures -- Problematic stress fractures of the foot and ankle -- Ankle and midfoot fractures and dislocations -- Midfoot fractures and dislocations -- Rupture of the anterior tibial and peroneal tendons -- Achilles tendon disorders including tendinopathies and ruptures -- Posterior tibialis tendon injury in the athlete -- Functional nerve disorders and plantar heel pain -- Dermatologic, infectious, and nail disorders -- Section 3: Anatomic disorders in sports. Nonsurgical treatment of acute and chronic ankle instability -- Ankle sprains, ankle instability, and syndesmosis injuries -- Osteochondral lesions of the ankle and occult fractures of the foot and ankle -- Disorders of the subtalar joint, including subtalar sprains and tarsal coalitions -- Diagnostic and operative ankle and subtalar joint arthroscopy -- Foot and ankle endoscopy -- Lesser toe disorders -- Great-toe disorders -- Bunions in the elite athlete: the philosophy and principles -- Chronic leg pain -- Section 4: Unique and exceptional problems in sports. Foot and ankle injuries in dancers -- The military athlete -- Pediatric problems and rehabilitation geared to the young athlete -- Unique considerations for foot and ankle injuries in the female athlete -- Section 5: New advances and augmentations in the foot and ankle. Orthobiologics in foot and ankle applications -- Section 6: rehabilitation and recovery: principles, collaboration, and teamwork -- Rehabilitation of specific foot and ankle issues -- Principles of rehabilitation for the foot and ankle -- The team in the care of the athlete
|
| 520 |
|
|
|a "For specialists and non-specialists alike, returning an athlete to pre-injury performance safely and quickly is uniquely challenging. To help you address these complex issues in everyday practice, Baxter's The Foot and Ankle in Sport, 3rd Edition, provides focused, authoritative information on the examination, diagnosis, treatment, and rehabilitation of sports-related foot and ankle injuries - ideal for returning both professional and recreational athletes to full use and function"--Publisher's description
|
| 588 |
0 |
|
|a Online resource; title from resource home page (ScienceDirect, viewed May 13, 2020).
|
| 650 |
|
0 |
|a Foot
|x Wounds and injuries.
|
| 650 |
|
0 |
|a Ankle
|x Wounds and injuries.
|
| 650 |
|
0 |
|a Foot
|x Abnormalities.
|
| 650 |
|
0 |
|a Ankle
|x Abnormalities.
|
| 650 |
|
0 |
|a Sports injuries.
|
| 650 |
1 |
2 |
|a Ankle Injuries
|
| 650 |
1 |
2 |
|a Foot Injuries
|
| 650 |
2 |
2 |
|a Ankle
|x abnormalities
|
| 650 |
2 |
2 |
|a Foot Deformities
|
| 650 |
2 |
2 |
|a Sports Medicine
|x methods
|
| 650 |
|
2 |
|a Athletic Injuries
|
| 650 |
|
6 |
|a Pied
|x Lésions et blessures.
|
| 650 |
|
6 |
|a Cheville
|x Lésions et blessures.
|
| 650 |
|
6 |
|a Pied
|x Malformations.
|
| 650 |
|
6 |
|a Cheville
|x Malformations.
|
| 650 |
|
6 |
|a Sports
|x Accidents et blessures.
|
| 650 |
|
7 |
|a Ankle
|x Abnormalities
|2 fast
|
| 650 |
|
7 |
|a Ankle
|x Wounds and injuries
|2 fast
|
| 650 |
|
7 |
|a Foot
|x Abnormalities
|2 fast
|
| 650 |
|
7 |
|a Foot
|x Wounds and injuries
|2 fast
|
| 650 |
|
7 |
|a Sports injuries
|2 fast
|
| 655 |
|
7 |
|a Electronic books.
|2 local
|
| 655 |
|
4 |
|a Internet Resources.
|
| 700 |
1 |
|
|a Porter, David A.,
|d 1959-
|e editor.
|1 https://id.oclc.org/worldcat/entity/E39PCjyMkD8FpHtHWk3WgBPVcq
|
| 700 |
1 |
|
|a Schon, Lew,
|e editor.
|
| 710 |
2 |
|
|a ScienceDirect (Online service)
|
| 758 |
|
|
|i has work:
|a Baxter's the foot and ankle in sport (Online) (Text)
|1 https://id.oclc.org/worldcat/entity/E39PCGC4HYX9fHccxMRYkgJr4m
|4 https://id.oclc.org/worldcat/ontology/hasWork
|
| 776 |
0 |
8 |
|i Print version:
|t Baxter's the foot and ankle in sport.
|b Third edition.
|d Philadelphia, PA : Elsevier, [2020]
|z 9780323549424
|w (OCoLC)1151963762
|
| 856 |
4 |
0 |
|u http://proxy.library.tamu.edu/login?url=https://www.sciencedirect.com/science/book/9780323549424
|z Connect to the full text of this electronic book
|t 0
|
| 955 |
|
|
|a Elsevier ScienceDirect 2026-2027
|
| 994 |
|
|
|a 92
|b TXA
|
| 999 |
f |
f |
|i 212707e1-41e8-4ef7-ab33-a6495208ea0a
|s a05a2c25-a301-4d03-b79b-5ef36b3afb97
|t 0
|
| 952 |
f |
f |
|a Texas A&M University
|b College Station
|c Electronic Resources
|s www_evans
|d Available Online
|t 0
|e RD563
|h Library of Congress classification
|
| 998 |
f |
f |
|a RD563
|t 0
|l Available Online
|